000 00485nam a2200181Ia 4500
001 4361
005 20260306145750.0
008 260306t2006||||xx |||||||||||||| ||spa||
041 _aESP
082 _a320.985
_bC87
100 _aCrabtree, John (Ed.)
_eAUT
245 0 _aConstruir instituciones:
_bdemocracia, desarrollo y desigualdad en el Perú desde 1980
260 _c2006
300 _a263, 4 páginas :
_c24 cm.
650 _aGEN
654 _aCDE
942 _cLIB
_dJUS
_fJUS
_2ddc
_n
999 _c4361
_d4361